[Event "Floripa Chess Open 2024"]
[Site "Florianopolis"]
[Date "2024.01.24"]
[Round "6.103"]
[White "Bueno, Marcos Antonio Ferr"]
[Black "Muzzi, Eduardo"]
[Result "0-1"]
[WhiteElo "1644"]
[BlackElo "1913"]
[PlyCount "68"]
[EventDate "2024.01.20"]
[EventRounds "10"]
[EventCountry "BRA"]

1. Nf3 f5 2. g3 Nf6 3. Bg2 g6 4. O-O Bg7 5. d4 d6 6. Re1 O-O 7. Nbd2 Ne4 8. Nb3
$146 ({RR} 8. Nxe4 fxe4 9. Ng5 d5 10. f3 exf3 11. exf3 Nc6 12. c3 Rf6 13. Nh3
h6 14. Nf4 e6 15. Bh3 Qd6 16. Nd3 Qf8 17. Bf4 g5 18. Bxc7 Rxf3 19. Nf4 {
1-0 (19) Dely,P-Engert,I Luxembourg 1971}) ({RR} 8. Nxe4 fxe4 9. Ng5 d5 10. f3
h6 11. Nh3 g5 12. c3 exf3 13. exf3 Nd7 14. f4 Nf6 15. fxg5 hxg5 16. Nxg5 Bf5
17. Ne6 Bxe6 18. Rxe6 Qe8 19. Qe2 c6 20. Bf4 Qg6 21. Rf1 Rae8 22. Bh3 Kh8 {
Matlakov,M (2674)-Piorun,K (2640) Warsaw POL 2021 1-0}) ({RR} 8. Nxe4 fxe4 9.
Ng5 d5 10. f3 h6 11. Nh3 g5 12. Nf2 exf3 13. exf3 Bf5 14. c3 Nc6 15. f4 gxf4
16. Bxf4 e6 17. Ng4 Kh7 18. Qe2 Qd7 19. Ne5 Nxe5 20. Bxe5 Bxe5 21. Qxe5 Qg7 22.
Qe3 Qg5 {Kozak,A (2442)-Miton,K (2568) chess.com INT 2024 1-0 (57)}) ({RR} 8.
Nxe4 fxe4 9. Ng5 d5 10. f3 Nc6 11. c3 h6 12. Nh3 e5 13. dxe5 exf3 14. exf3 Nxe5
15. Nf4 c6 16. Be3 Re8 17. Bd4 Kh7 18. h4 h5 19. Kh2 Bf5 20. b3 Qd6 21. Qd2 b6
22. Rad1 Rad8 {Schulz,K (2345)-Jahr,U (2235) Porz 1989 1-0 (36)}) 8... Nd7 9.
Ng5 Ndf6 10. c3 c6 11. h4 Qc7 12. Nd2 Nxg5 13. hxg5 Nd7 14. e4 fxe4 15. Rxe4 e5
16. Nf3 d5 17. Rh4 e4 18. Bf4 Qb6 19. Nh2 Qxb2 20. Qc1 Qxc1+ 21. Rxc1 Nb6 22.
Ng4 Bxg4 23. Rxg4 Nc4 24. Bf1 Nb6 25. Rb1 Rf7 26. Bh3 Re8 27. Rh4 Bf8 28. Kg2
Nc4 29. Re1 Bd6 30. Be3 Kg7 31. Bg4 Ref8 32. Reh1 Nxe3+ 33. Kg1 Rh8 34. fxe3
Be7 0-1

[Event "Floripa Chess Open 2024"]
[Site "Florianopolis"]
[Date "2024.01.24"]
[Round "6.104"]
[White "Peixoto, Rudson Marinho"]
[Black "Moro, Antonio Renato Pere"]
[Result "1-0"]
[WhiteElo "1895"]
[BlackElo "1667"]
[PlyCount "45"]
[EventDate "2024.01.20"]
[EventRounds "10"]
[EventCountry "BRA"]

1. Nf3 d5 2. d4 e6 3. c4 Nf6 4. e3 Be7 5. Be2 O-O 6. O-O b6 ({RR} 6... c5 7.
cxd5 exd5 8. b3 cxd4 9. Nxd4 Nc6 10. Bb2 Re8 11. a3 Ne4 12. Nd2 Bf6 13. Nxe4
Rxe4 14. Bf3 Rh4 15. g3 Nxd4 16. Bxd4 Bxd4 17. exd4 Rh6 18. Qd3 Bh3 19. Rfe1
Qd7 20. Rac1 Bf5 21. Qd2 {Yeritsyan,H (2203)-Prieto Aranguren,A (2160) chess.
com INT 2024 0-1 (37)}) 7. cxd5 exd5 8. Nc3 c5 $146 ({RR} 8... Bb7 9. Qc2 Nbd7
10. Bd3 h6 11. e4 dxe4 12. Nxe4 Nxe4 13. Bxe4 Bxe4 14. Qxe4 Nf6 15. Qc6 Qd6 16.
Qxd6 Bxd6 17. Bd2 Rfe8 18. Rfe1 b5 19. a3 Ne4 20. Bc3 Nxc3 21. bxc3 Rxe1+ 22.
Nxe1 Re8 23. g3 {Abente,S-Moro,J Asuncion 1995 0-1 (38)}) ({RR} 8... Be6 9. b3
c5 10. Bb2 Nc6 11. Rc1 a6 12. Ne5 Nxe5 13. dxe5 Ne8 14. f4 f5 15. Bf3 Nc7 16.
Qd2 Qd7 17. Rcd1 Rad8 18. Kh1 Qe8 19. Ne2 Qf7 20. h3 Qg6 21. Rg1 Qh6 22. Kh2 g5
23. g4 {Asfora,M (2271)-Franco,H (2143) Minoxel 2004 1-0 (33)}) 9. b3 Ba6 10.
Nb5 Nc6 11. Bb2 Bb7 12. dxc5 bxc5 13. Rc1 a6 14. Nc3 Rc8 15. Na4 Ne4 16. Nd2
Nb8 17. Nxe4 dxe4 18. Qc2 Qa5 19. Rfd1 Rfd8 20. Bc4 Rxd1+ 21. Qxd1 Qd8 22. Qh5
g6 23. Qe5 1-0

[Event "Floripa Chess Open 2024"]
[Site "Florianopolis"]
[Date "2024.01.24"]
[Round "6.105"]
[White "Cerrato, Alex"]
[Black "Da Silva, Esequiel Luis Melo"]
[Result "0-1"]
[WhiteElo "1884"]
[BlackElo "1647"]
[PlyCount "76"]
[EventDate "2024.01.20"]
[EventRounds "10"]
[EventCountry "BRA"]

1. d4 d5 2. Nc3 Nf6 3. Bf4 e6 4. e3 Bd6 5. Nf3 O-O 6. Ne5 ({RR} 6. Bd3 b6 7.
O-O Bb7 8. Re1 Nbd7 9. Ne5 a6 10. Qf3 Be7 11. Qh3 c5 12. a3 c4 13. Be2 b5 14.
Qg3 Ne8 15. Bf3 f5 16. Nxd7 Qxd7 17. Be5 Nf6 18. Ne2 Rad8 19. Nf4 Bd6 20. b4
Bc6 {Jobava,B (2713)-Radjabov,T (2724) Dubai 2014 1/2-1/2 (59)}) ({RR} 6. Bd3
Nbd7 7. O-O Bxf4 8. exf4 c5 9. dxc5 Nxc5 10. Ne5 Nxd3 11. Qxd3 Nd7 12. Nb5 a6
13. Nd4 Nxe5 14. fxe5 Bd7 15. c3 Qb6 16. Qd2 Rac8 17. Kh1 Qa5 18. f4 Rc4 19. a3
Rfc8 20. g4 Qc7 {Thomforde-Toates,N (2124)-Kozelov,R (2071) chess.com INT 2024
1-0 (33)}) 6... c5 7. g4 cxd4 $146 ({RR} 7... Nc6 8. g5 Bxe5 9. gxf6 Bxf6 10.
dxc5 Qa5 11. Bd3 e5 12. Bg3 d4 13. Qh5 g6 14. Qf3 Bg7 15. h4 dxc3 16. b3 h5 17.
Rg1 Bg4 18. Qd5 Nb4 19. Qc4 Be6 20. Qxc3 {0-1 (20) Chernikov,V (2231)-Zhukova,
N (2336) chess.com INT 2020}) ({RR} 7... Nc6 8. g5 Bxe5 9. gxf6 Bxf6 10. dxc5
Qa5 11. Bd3 e5 12. Bg3 d4 13. Qh5 g6 14. Qf3 Bg7 15. h4 dxc3 16. b3 h5 17. Rg1
Bg4 18. Qd5 Nb4 19. Qc4 Be6 20. Qxc3 {0-1 (20) Chernikov,V (2231)-Zhukova,N  
(2336) chess.com INT 2020}) 8. exd4 Qb6 9. Nb5 Ne4 10. f3 a6 11. Nxd6 Nxd6 12.
b3 f6 13. Nd3 Nb5 14. Nc5 e5 15. Be3 exd4 16. Bxd4 Nc6 17. Bxb5 Qxb5 18. a4
Qa5+ 19. c3 Re8+ 20. Kf2 Qc7 21. b4 Qf4 22. Qc1 Qd6 23. Qd2 b6 24. Nb3 Ne5 25.
Rad1 Nc4 26. Qc1 Bd7 27. Nd2 Ne5 28. Bxe5 fxe5 29. Qc2 Qf6 30. Kg2 Rf8 31. Rhf1
Rac8 32. Qd3 Bc6 33. Qxa6 Qf4 34. Qe2 Bxa4 35. Rde1 Rxc3 36. Qxe5 Qxd2+ 37. Rf2
Qd3 38. Qe7 Re8 0-1

[Event "Floripa Chess Open 2024"]
[Site "Florianopolis"]
[Date "2024.01.24"]
[Round "6.106"]
[White "De Souza, Samuel B Ornelas"]
[Black "Cavalcante, Adriano Nunes"]
[Result "1/2-1/2"]
[WhiteElo "1639"]
[BlackElo "1878"]
[PlyCount "122"]
[EventDate "2024.01.20"]
[EventRounds "10"]
[EventCountry "BRA"]

1. d4 d5 2. c4 e6 3. cxd5 exd5 4. Nc3 c6 5. Qc2 Nf6 6. Bg5 g6 7. e3 Bf5 8. Bd3
Bxd3 9. Qxd3 Nbd7 10. Nf3 a5 11. O-O Bg7 12. Ne5 O-O 13. Kh1 $146 ({RR} 13. Na4
Qc7 14. Bf4 Qd8 15. Nxd7 Nxd7 16. Rac1 Re8 17. h3 Bf6 18. Nc5 Nxc5 19. Rxc5 Be7
20. Rc2 Bd6 21. Bxd6 Qxd6 22. Qc3 h5 23. Qc5 Qd8 24. a3 a4 25. Qb4 Qe7 26. Qxe7
Rxe7 27. h4 Ree8 {Tisaj,D (2078)-Lagunov,E (2272) Bled SLO 2018 1/2-1/2 (72)})
({RR} 13. Na4 Qc7 14. Bf4 Qd8 15. Nxd7 Nxd7 16. Rac1 Re8 17. h3 Bf6 18. Nc5
Nxc5 19. Rxc5 Be7 20. Rc2 Bd6 21. Bxd6 Qxd6 22. Qc3 h5 23. Qc5 Qd8 24. a3 a4
25. Qb4 Qe7 26. Qxe7 Rxe7 27. h4 Ree8 {Tisaj,D (2078)-Lagunov,E (2272) Bled
SLO 2018 1/2-1/2 (72)}) 13... Qb6 14. f4 Qa6 15. Qxa6 Rxa6 16. h3 Raa8 17. Rac1
Nxe5 18. fxe5 Nd7 19. e4 dxe4 20. Nxe4 Ra7 21. Rc2 h6 22. Nf6+ Bxf6 23. Bxf6
Nxf6 24. Rxf6 Kg7 25. Rcf2 Raa8 26. Rd6 Rfd8 27. Rff6 Rxd6 28. Rxd6 Rb8 29. Rd7
Kf8 30. d5 cxd5 31. Rxd5 b6 32. Rd6 Ke7 33. Kh2 b5 34. Kg3 b4 35. Rd5 Ra8 36.
Rb5 Ra6 37. Kf4 Ke6 38. g4 f6 39. h4 g5+ 40. hxg5 hxg5+ 41. Ke4 fxe5 42. Rxe5+
Kf6 43. Rf5+ Kg6 44. Kf3 Ra8 45. Rb5 Rf8+ 46. Kg3 Ra8 47. Rb6+ Kg7 48. b3 Rc8
49. Rb5 Rc3+ 50. Kf2 Rc2+ 51. Ke3 Rxa2 52. Rxg5+ Kf6 53. Rb5 Ra3 54. Kf4 Rxb3
55. Rxa5 Rb1 56. Ra6+ Kg7 57. Kg5 b3 58. Ra7+ Kf8 59. Rb7 b2 60. Kg6 Rg1 61.
Rxb2 Rxg4+ 1/2-1/2

[Event "Floripa Chess Open 2024"]
[Site "Florianopolis"]
[Date "2024.01.24"]
[Round "6.107"]
[White "Da Silva De Sena, Jefferson Ryan F"]
[Black "De Oliveira, Gualter Amelio"]
[Result "0-1"]
[WhiteElo "1867"]
[BlackElo "1585"]
[PlyCount "40"]
[EventDate "2024.01.20"]
[EventRounds "10"]
[EventCountry "BRA"]

1. e4 e6 2. d4 d5 3. Nc3 Bb4 4. e5 c5 5. a3 Bxc3+ 6. bxc3 Ne7 7. Bb5+ Bd7 ({RR
} 7... Nbc6 8. Ne2 Qa5 9. Bxc6+ Nxc6 10. O-O Bd7 11. Kh1 O-O 12. f4 f5 13. Rf3
Rac8 14. Rh3 Qa4 15. dxc5 Na5 16. Nd4 g6 17. Be3 b6 18. Nf3 Nc4 19. Bg1 Rf7 20.
cxb6 axb6 21. Nd4 Qa5 22. Bf2 {Rosas Reyes,R (2155)-Gongora Montes,B (2280)
Mexico 2001 1/2-1/2 (80)}) ({RR} 7... Nbc6 8. Ne2 Bd7 9. O-O Nxe5 10. Bxd7+
Nxd7 11. Rb1 Qc7 12. Bf4 Qc6 13. Qd3 b6 14. Rfe1 O-O 15. Bd2 Rac8 16. Ng3 cxd4
17. Qxd4 Ng6 18. Nh5 e5 19. Qg4 f5 20. Qg5 Nf6 21. Nxf6+ Qxf6 22. Qg3 {
Davidsen,N (1952)-Kragh,N (2124) Skorping 2017 0-1 (38)}) 8. Bxd7+ Qxd7 9. Ne2
Nbc6 $146 ({RR} 9... Qa4 10. Rb1 b6 11. O-O Nbc6 12. Qd3 h6 13. f4 cxd4 14.
cxd4 Nf5 15. Rd1 h5 16. Qb3 Qa6 17. Rd3 O-O-O 18. Bd2 Kd7 19. a4 Rc8 20. Qb5
Qxb5 21. axb5 Nce7 22. Ra1 Rxc2 23. Rxa7+ Rc7 24. Rxc7+ {Huettemann,R (1963)
-Gramlich,S (2122) Bad Homburg 2006 0-1 (58)}) 10. a4 O-O 11. O-O f6 12. exf6
Rxf6 13. dxc5 Na5 14. Nf4 e5 15. Nh5 Rf5 16. Ng3 Rf7 17. Qe2 Nc4 18. a5 Re8 19.
Rd1 Qc6 20. Ne4 Rf5 0-1

[Event "Floripa Chess Open 2024"]
[Site "Florianopolis"]
[Date "2024.01.24"]
[Round "6.108"]
[White "Gomes, Marco Tulio Caldeir"]
[Black "Azevedo, Edmundo"]
[Result "0-1"]
[WhiteElo "1637"]
[BlackElo "1860"]
[PlyCount "67"]
[EventDate "2024.01.20"]
[EventRounds "10"]
[EventCountry "BRA"]

1. c4 c6 2. e4 d5 3. exd5 cxd5 4. d4 dxc4 5. Bxc4 e6 6. Nc3 Nf6 7. Nf3 Be7 8.
O-O O-O 9. Bg5 Nc6 10. a3 h6 11. Bh4 ({RR} 11. Bf4 a6 12. Ba2 b5 13. d5 exd5
14. Nxd5 Nxd5 15. Qxd5 Bb7 16. Qh5 Nd4 17. Nxd4 Qxd4 18. Be5 Qe4 19. f3 Qe3+
20. Kh1 Qg5 21. Qxg5 Bxg5 22. Rad1 Rfe8 23. Rd7 Re7 24. Rfd1 Bc6 25. R7d6 Bxf3
{Shankland,S (2691)-Narayanan,S (2618) chess24.com INT 2020 1/2-1/2 (45)})
11... Nd7 $146 ({RR} 11... Nh7 12. Bxe7 Qxe7 13. Re1 Qd8 14. Qd3 a6 15. Rad1
Bd7 16. Ba2 Re8 17. Bb1 Nf8 18. Ne4 Bc8 19. Qe3 Qb6 20. Rd3 Ne7 21. Rb3 Qa7 22.
Ne5 Nd5 23. Qd2 f5 24. Nc3 Nf6 25. Ba2 Re7 26. Ne2 {Stross,F-Pistora,T Cesky
Brod 1996 1-0 (37)}) ({RR} 11... Nd5 12. Bxe7 Ncxe7 13. Ne5 Bd7 14. Nxd5 exd5
15. Bd3 Bf5 16. Re1 Qd6 17. Qf3 Bxd3 18. Nxd3 Nc6 19. Rad1 Rfe8 20. Ne5 Nxe5
21. dxe5 Rxe5 22. Rxe5 Qxe5 23. Qxd5 Qxb2 24. a4 Re8 25. h3 Qc2 26. a5 {
Egorov,P (2241)-Player,E (2199) chess.com INT 2024 1/2-1/2 (70)}) ({RR} 11...
b6 12. Qd3 Bb7 13. Rad1 Nh5 14. Bg3 Nxg3 15. hxg3 Qc8 16. Rfe1 Rd8 17. Ba2 Bf8
18. Rxe6 fxe6 19. Qg6 Ne7 20. Bxe6+ Kh8 21. Bxc8 Nxg6 22. Bxb7 Rab8 23. Be4 Ne7
24. Ne5 Kg8 25. d5 g5 26. d6 {Usmanov,V (2289)-Mammadov,Z (2351) Kirishi 2011
1-0 (102)}) 12. Bxe7 Nxe7 13. Rc1 b6 14. Re1 Bb7 15. Bd3 Nf6 16. Ne5 Nc6 17.
Ne4 Nxe5 18. Nxf6+ Qxf6 19. dxe5 Qg5 20. f3 Rfd8 21. Qe2 Rd7 22. Qe3 Qd8 23.
Rc3 Rc8 24. Rxc8 Bxc8 25. Be4 Rd2 26. Qc3 Ba6 27. f4 Rd1 28. Bf3 Rxe1+ 29. Qxe1
Qd4+ 30. Kh1 Qxf4 31. Qc3 Bb7 32. h3 Bxf3 33. Qxf3 Qc1+ 34. Kh2 0-1

[Event "Floripa Chess Open 2024"]
[Site "Florianopolis"]
[Date "2024.01.24"]
[Round "6.109"]
[White "Cunha, Angelo"]
[Black "Dias, Marcelo De Souza"]
[Result "0-1"]
[WhiteElo "1598"]
[BlackElo "1854"]
[PlyCount "84"]
[EventDate "2024.01.20"]
[EventRounds "10"]
[EventCountry "BRA"]

1. e4 c5 2. Nf3 e6 3. Nc3 Nc6 4. Bb5 Nf6 5. O-O d5 ({RR} 5... Be7 6. d3 O-O 7.
Bxc6 bxc6 8. h3 Ne8 9. Qe2 f6 10. Na4 d6 11. b3 e5 12. Ne1 f5 13. f4 exf4 14.
Bxf4 g5 15. Bd2 f4 16. c4 Bf6 17. Bc3 Ng7 18. Qd2 Ne6 19. Nc2 g4 20. hxg4 {
Martinez Alcantara,J (2620)-Gritsenko,N (2309) chess.com INT 2021 1-0 (61)}) 6.
exd5 exd5 7. Ne5 $146 ({RR} 7. d4 a6 8. Bxc6+ bxc6 9. Re1+ Be6 10. Bg5 h6 11.
Bh4 Bd6 12. dxc5 Bxc5 13. Ne5 Rc8 14. Qd3 O-O 15. Qxa6 Qc7 16. Qd3 Nd7 17. Bg3
Nxe5 18. Bxe5 Qb6 19. Qg3 f6 20. Bf4 Bf5 21. Na4 Qb4 {Khripachenko,A (2259)
-Zaytsev,E (1920) Sochi RUS 2023 1-0 (55)}) ({RR} 7. d4 c4 8. Ne5 Qb6 9. Be3
Bb4 10. Nxc4 dxc4 11. d5 Bc5 12. Bxc5 Qxc5 13. Qe2+ Kf8 14. dxc6 bxc6 15. Qxc4
Qxc4 16. Bxc4 Bf5 17. Bb3 g5 18. f4 g4 19. Rae1 Nd7 20. Ne4 Bxe4 21. Rxe4 Nc5 {
Timagin,P (2329)-Acimovic,S (1848) Portoroz SLO 2018 1-0 (53)}) 7... Bd7 8. Qe2
Be7 9. Nxd7 Qxd7 10. d3 O-O 11. Bf4 Rfe8 12. Bxc6 Qxc6 13. Qf3 Rac8 14. Rfe1 d4
15. Qxc6 Rxc6 16. Nb5 Nd5 17. Bd6 a6 18. Bxe7 Rxe7 19. Rxe7 Nxe7 20. Re1 Kf8
21. Na3 b5 22. Nb1 Nd5 23. a3 c4 24. Kf1 cxd3 25. cxd3 Nf4 26. Rd1 Nxd3 27.
Rxd3 Rc1+ 28. Ke2 Rxb1 29. Rd2 Ke7 30. Kd3 Kd6 31. Kxd4 Re1 32. Kc3+ Ke6 33. g3
a5 34. Kd4 f5 35. Rc2 Kd6 36. f3 g5 37. Kd3 h5 38. Rc8 f4 39. Rg8 g4 40. fxg4
f3 41. Rf8 hxg4 42. h3 gxh3 0-1

[Event "Floripa Chess Open 2024"]
[Site "Florianopolis"]
[Date "2024.01.24"]
[Round "6.110"]
[White "Eger, Laura Luisa"]
[Black "Silva, Henrique Brasil Bar"]
[Result "1-0"]
[WhiteElo "1848"]
[BlackElo "1590"]
[PlyCount "95"]
[EventDate "2024.01.20"]
[EventRounds "10"]
[EventCountry "BRA"]

1. e4 c6 2. d4 d5 3. exd5 cxd5 4. Bd3 Nc6 5. c3 Nf6 6. Bf4 g6 7. Nf3 Bg4 8.
Nbd2 Bg7 9. h3 Bxf3 10. Nxf3 e6 11. O-O O-O 12. Re1 Re8 13. Qd2 Rc8 $146 ({RR} 
13... Nd7 14. Re2 e5 15. dxe5 Ndxe5 16. Nxe5 Bxe5 17. Bxe5 Rxe5 18. Rae1 Rxe2
19. Rxe2 Qa5 20. a3 d4 21. cxd4 Qxd2 22. Rxd2 Rd8 23. Be4 Nxd4 24. Kf1 b6 25.
f4 Ne6 26. Rxd8+ Nxd8 27. Bd5 Kg7 28. Ke2 {Papp,A-Sebrek,J (2025) Budapest
2003 1/2-1/2}) 14. Ne5 Nxe5 15. Bxe5 Nd7 16. Bxg7 Kxg7 17. Re3 Qc7 18. h4 e5
19. dxe5 Rxe5 20. Rae1 Rce8 21. Bb5 Rxe3 22. Rxe3 Rxe3 23. Qxe3 a6 24. Bxd7
Qxd7 25. h5 f6 26. Qd4 Qe6 27. g3 Kf7 28. Qf4 Qe5 29. hxg6+ hxg6 30. Qh6 Qe1+
31. Kg2 Qe4+ 32. Kh2 Qf3 33. Qh7+ Ke6 34. Kg1 Kf5 35. Qxb7 Qd1+ 36. Kg2 Qd3 37.
Qd7+ Kg5 38. Qe6 f5 39. Qe7+ Kh6 40. Qe3+ Qxe3 41. fxe3 g5 42. b4 Kg6 43. a4
Kf6 44. b5 axb5 45. a5 f4 46. gxf4 gxf4 47. a6 fxe3 48. a7 1-0

[Event "Floripa Chess Open 2024"]
[Site "Florianopolis"]
[Date "2024.01.24"]
[Round "6.111"]
[White "Pessoa, Marcio De Souza"]
[Black "Flesch, Lucas Henrique Ye"]
[Result "0-1"]
[WhiteElo "1846"]
[BlackElo "1571"]
[PlyCount "78"]
[EventDate "2024.01.20"]
[EventRounds "10"]
[EventCountry "BRA"]

1. d4 d5 2. Bf4 Nf6 3. Nf3 c5 4. e3 Nc6 5. c3 Qb6 6. Qb3 c4 7. Qxb6 axb6 8. Na3
Ra5 9. Bc7 e6 10. Bxb6 Ra6 11. Bc5 Bxc5 12. dxc5 Ne4 13. Nd2 $146 ({RR} 13. Nb5
Ke7 14. Be2 Nxc5 15. Nbd4 Nxd4 16. Nxd4 e5 17. Nc2 Rg6 18. Nb4 Rd8 19. g3 e4
20. O-O-O Nd3+ 21. Bxd3 cxd3 22. f4 h5 23. Rhg1 Kd6 24. Kd2 Rh8 25. h4 Rg4 26.
Ke1 f6 27. Kf2 g5 {Balduan,M-Gyurkovics,M (2265) Gyongyos 1995 0-1 (35)}) ({RR
} 13. Nb5 Ke7 14. Nbd4 Nxc5 15. b3 Nxd4 16. Nxd4 e5 17. bxc4 exd4 18. cxd5 d3
19. a3 Bd7 {0-1 (19) Garcia Hernandez,A (1843)-Niemann,H (2606) Guimaraes POR
2021}) 13... Nxc5 14. e4 O-O 15. Be2 Na4 16. O-O-O Nxc3 17. bxc3 Rxa3 18. Kb2
Ra5 19. Bf3 Ne5 20. Rhf1 Nd3+ 21. Ka1 Bd7 22. Nb1 Rfa8 23. a3 Ba4 24. Rd2 Nc5
25. Ka2 dxe4 26. Bd1 Nd3 27. Bxa4 Rxa4 28. Re2 f5 29. f3 exf3 30. gxf3 Kf7 31.
Rg1 b5 32. Reg2 g6 33. h4 b4 34. cxb4 Nxb4+ 35. Kb2 Nd5 36. h5 Rb8+ 37. Kc1 Nf4
38. hxg6+ hxg6 39. Rh2 Nd3+ 0-1

[Event "Floripa Chess Open 2024"]
[Site "Florianopolis"]
[Date "2024.01.24"]
[Round "6.112"]
[White "Gomes, Genildo De Souza"]
[Black "Moyses Sobrinho, Elias"]
[Result "0-1"]
[WhiteElo "1560"]
[BlackElo "1844"]
[PlyCount "95"]
[EventDate "2024.01.20"]
[EventRounds "10"]
[EventCountry "BRA"]

1. d4 Nf6 2. c4 c5 3. d5 b5 4. Nc3 b4 5. Na4 d6 6. b3 g6 7. g3 ({RR} 7. a3 a5
8. Nb2 Na6 9. Nd3 Bg7 10. Bb2 O-O 11. f3 e6 12. e4 exd5 13. cxd5 Re8 14. Ne2
bxa3 15. Rxa3 Nb4 16. Nxb4 cxb4 17. Ra2 Bb7 18. Kf2 Nxe4+ 19. fxe4 Bxb2 20. Ng3
Be5 21. Bd3 Qf6+ {Smirnov,A (2597)-Taher,Y (2455) chess.com INT 2020 1-0 (75)})
({RR} 7. Bb2 Bg7 8. e4 O-O 9. Bd3 Bd7 10. Nf3 Bxa4 11. bxa4 Nbd7 12. O-O Nb6
13. Qc2 Qd7 14. e5 Ng4 15. Rae1 Qxa4 16. Qxa4 Nxa4 17. Ba1 Nc3 18. h3 Nxe5 19.
Nxe5 Bxe5 20. Bxc3 bxc3 21. f4 Bf6 {Pillay,R (1379)-Methu,J (1998)
Antananarivo MAD 2024 0-1}) 7... Bg7 8. Bh3 $146 ({RR} 8. Bb2 O-O 9. Bg2 Bd7
10. Nf3 Qa5 11. Nd2 Bxa4 12. bxa4 Nbd7 13. a3 b3 14. Qxb3 Ne4 15. Bxg7 Qxd2+
16. Kf1 Kxg7 17. Bxe4 Qd4 18. Rd1 Qxe4 19. f3 Qe5 20. Qb5 Nf6 21. Kf2 Rab8 22.
Qa6 Rb3 {Schuster,C (2290)-De Dovitiis,A (2315) Mar del Plata 1996 0-1}) ({RR} 
8. Bb2 O-O 9. Bg2 Bb7 10. e4 Re8 11. Ne2 Nbd7 12. O-O Nb6 13. Nxb6 Qxb6 14. a3
a5 15. axb4 axb4 16. Qc2 e5 17. f4 Ng4 18. Qd2 Bh6 19. Qd3 Qd8 20. h3 Nf6 21.
Rxa8 Bxa8 22. Ra1 exf4 {Pavlov,A (2299)-Tolkachev,G (1711) Kaluga 2013 1-0})
8... O-O 9. Bxc8 Qxc8 10. Qd3 Nbd7 11. Nf3 Nxd5 12. Bb2 Bxb2 13. Nxb2 Nc3 14.
Nd1 Nxd1 15. Qxd1 Nf6 16. O-O Qh3 17. Ng5 Qh5 18. h4 Qg4 19. Kg2 Ne4 20. Nxe4
Qxe4+ 21. f3 Qc6 22. e4 a5 23. Qd2 Kg7 24. h5 h6 25. hxg6 fxg6 26. Rh1 Rh8 27.
Rh4 g5 28. Rh5 Raf8 29. Rah1 Rf6 30. Qd5 Qxd5 31. exd5 Rhf8 32. Rf1 Kg6 33. g4
a4 34. Rfh1 Kg7 35. R5h3 axb3 36. axb3 Ra8 37. Rb1 Ra2+ 38. Kg3 Rc2 39. Rhh1
Rc3 40. Rhf1 Rf4 41. Rf2 Rd4 42. Re2 Kf7 43. Ree1 e5 44. dxe6+ Ke7 45. Rh1 Rdd3
46. Rxh6 Rxf3+ 47. Kg2 Rg3+ 48. Kh2 0-1

[Event "Floripa Chess Open 2024"]
[Site "Florianopolis"]
[Date "2024.01.24"]
[Round "6.113"]
[White "Fraga, Heitor Carneiro"]
[Black "Bashtavenko, Aleksey"]
[Result "1-0"]
[WhiteElo "1839"]
[BlackElo "1553"]
[PlyCount "39"]
[EventDate "2024.01.20"]
[EventRounds "10"]
[EventCountry "BRA"]

1. e4 e6 2. d4 d5 3. Nd2 Nf6 4. e5 Nfd7 5. Bd3 c5 6. c3 Be7 ({RR} 6... b5 7.
Bxb5 Qb6 8. Qa4 Na6 9. Ngf3 Rb8 10. Be2 Be7 11. O-O O-O 12. a3 Nc7 13. b4 cxd4
14. cxd4 a5 15. bxa5 Qa7 16. Rb1 Rxb1 17. Nxb1 Nb6 18. Qc2 Nc4 19. Bg5 Bxg5 20.
Nxg5 g6 21. Qc3 {Mekhitarian,K (2503)-Rodriguez Vila,A (2541) Villa Martelli
2012 0-1 (33)}) 7. Ne2 b6 8. f4 $146 ({RR} 8. Nf3 a5 9. O-O Ba6 10. Ng3 Bxd3
11. Qxd3 Na6 12. Be3 Nc7 13. Nh5 O-O 14. Qd2 g6 15. Ng3 f5 16. exf6 Bxf6 17.
Rae1 e5 18. dxe5 Nxe5 19. Nxe5 Bxe5 20. Re2 Qd7 21. Rfe1 Qf7 22. Bh6 Bf4 {
Berka,L (1772)-Bartonek,T (1607) Plzen 2016 1-0 (36)}) ({RR} 8. Nf3 Ba6 9. Bc2
Nc6 10. Bd2 h6 11. Rc1 Rb8 12. O-O g5 13. Ne1 Bxe2 14. Qxe2 cxd4 15. cxd4 Nxd4
16. Qg4 Nxc2 17. Rxc2 Nxe5 18. Qe2 Nc4 19. Nd3 Nxd2 20. Qxd2 Rc8 21. Rfc1 Rxc2
22. Qxc2 O-O {Santos,M (1811)-Da Silva,K (1498) Florianópolis - Santa Catari
2023 0-1 (38)}) 8... Ba6 9. Bxa6 Nxa6 10. Nf3 Nc7 11. O-O b5 12. Qe1 Nb6 13.
Qg3 g6 14. h4 h5 15. f5 exf5 16. Nf4 Qd7 17. e6 Nxe6 18. Nxe6 Qxe6 19. Re1 Qf6
20. Bg5 1-0

[Event "Floripa Chess Open 2024"]
[Site "Florianopolis"]
[Date "2024.01.24"]
[Round "6.114"]
[White "Elesbao, Bernardo Dartora"]
[Black "Vieira, Jose Renato Braga S"]
[Result "1/2-1/2"]
[WhiteElo "1551"]
[BlackElo "1839"]
[PlyCount "109"]
[EventDate "2024.01.20"]
[EventRounds "10"]
[EventCountry "BRA"]

1. e4 e5 2. Nf3 Nc6 3. Bc4 Nf6 4. d3 Bc5 5. O-O d6 6. c3 a6 7. a4 h6 8. Nbd2 g5
({RR} 8... O-O 9. Re1 Be6 10. b4 Ba7 11. Bxe6 fxe6 12. Nf1 Nh5 13. Be3 Bxe3 14.
fxe3 Qe8 15. Ra2 Nf6 16. h3 a5 17. b5 Nb8 18. g4 Nbd7 19. Rg2 Nc5 20. h4 Nfd7
21. g5 Nxd3 22. Qxd3 Rxf3 23. gxh6 {Giri,A (2782)-Kramnik,V (2812) Leuven 2016
1/2-1/2 (35)}) ({RR} 8... Ba7 9. Re1 O-O 10. h3 Be6 11. Bb3 Re8 12. Bc2 d5 13.
Qe2 dxe4 14. dxe4 Nh5 15. Nf1 Qf6 16. N3h2 Nf4 17. Bxf4 exf4 18. Nf3 g5 19. e5
Qg7 20. Nd4 Nxd4 21. cxd4 Bxd4 22. Qe4 c5 23. Qxb7 {Aslanov,U (2214)-Kovalev,V
(2582) chess.com INT 2023 0-1 (62)}) 9. b4 Ba7 10. Ne1 $146 ({RR} 10. Bb2 Ne7
11. d4 Ng6 12. b5 g4 13. Ne1 a5 14. Nd3 h5 15. dxe5 Nxe5 16. Nxe5 dxe5 17. Ba3
g3 18. Qb3 Rh7 19. Nf3 gxf2+ 20. Kh1 Ng4 21. h3 Qf6 22. b6 Qxb6 23. Bb5+ c6 24.
Ng5 Rg7 {Zierk,S (2499)-Andreikin,D (2725) chess.com INT 2021 0-1 (37)}) ({RR} 
10. Nb3 g4 11. Nfd2 Nh5 12. b5 Qh4 13. d4 Ne7 14. Re1 Ng6 15. Nf1 Nhf4 16. Ng3
h5 17. Nf5 Qf6 18. Be3 Bxf5 19. exf5 Qxf5 20. bxa6 bxa6 21. Bxa6 O-O 22. Bf1 h4
23. dxe5 dxe5 24. Bxa7 Rxa7 {Real de Azua,E (2440)-Sargissyan,S (2269) chess.
com INT 2021 0-1 (55)}) 10... Bg4 11. Qb3 Qd7 12. Ndf3 Nh5 13. h3 Be6 14. Be3
Ng3 15. fxg3 Bxe3+ 16. Kh2 g4 17. Bxe6 fxe6 18. Nh4 Bg5 19. Ra2 Nd8 20. d4 exd4
21. cxd4 gxh3 22. Qf3 Qg7 23. Qh5+ Kd7 24. d5 hxg2 25. dxe6+ Kxe6 26. Qg4+ Ke7
27. Rxg2 h5 28. Qf5 Bxh4 29. gxh4 Qe5+ 30. Qxe5+ dxe5 31. Rf5 Nf7 32. Rc2 c6
33. b5 axb5 34. axb5 Ra4 35. bxc6 bxc6 36. Rxc6 Rxe4 37. Rc7+ Ke6 38. Rcxf7
Rxe1 39. R7f6+ Kd5 40. Rg6 Re2+ 41. Kg3 Re3+ 42. Kf2 Re4 43. Rgg5 Ra8 44. Rxh5
Ra2+ 45. Kf3 Ra3+ 46. Kf2 Kd4 47. Rh8 Ra2+ 48. Kf3 Re3+ 49. Kg4 Rg2+ 50. Kh5
Ke4 51. Rg5 Rxg5+ 52. Kxg5 Rg3+ 53. Kf6 Kf4 54. h5 e4 55. h6 1/2-1/2